| 000 | 00508nam a22002057a 4500 | ||
|---|---|---|---|
| 001 | 21579 | ||
| 005 | 20260318133033.0 | ||
| 008 | 260318b |||||||| |||| 00| 0 spa d | ||
| 041 | _aESP | ||
| 082 |
_a657.42 _bH21 2007 |
||
| 100 |
_aHansen, Don R. _eAUT |
||
| 245 |
_aAdministración de costos : _bcontabilidad y control |
||
| 260 |
_a : _b , _c2007 |
||
| 300 |
_axxiii, 1006 páginas : _b ; _c27 cm. |
||
| 440 | _a ; | ||
| 650 | _aGEN | ||
| 654 | _aCAN | ||
| 700 | _a; | ||
| 942 |
_cLIB _dJUS _fJUS _n0 _2ddc |
||
| 999 |
_c21579 _d21579 |
||